उपन्यासकार शिवानी के उपन्यासों का आलोचनात्मक अध्य्यन / (Record no. 119871)
[ view plain ]
| 000 -LEADER | |
|---|---|
| fixed length control field | 01262nam a22002537a 4500 |
| 005 - DATE AND TIME OF LATEST TRANSACTION | |
| control field | 20170124103149.0 |
| 010 ## - LIBRARY OF CONGRESS CONTROL NUMBER | |
| LC control number | B-051206 |
| 020 ## - INTERNATIONAL STANDARD BOOK NUMBER | |
| Terms of availability | 150.00 |
| International Standard Book Number | 8186480854 |
| 035 ## - SYSTEM CONTROL NUMBER | |
| System control number | B-051206 |
| 037 ## - SOURCE OF ACQUISITION | |
| Source of stock number/acquisition | Cen Lib/Ret |
| 040 ## - CATALOGING SOURCE | |
| Original cataloging agency | DPL |
| Language of cataloging | HN |
| 082 ## - DEWEY DECIMAL CLASSIFICATION NUMBER | |
| Classification number | 823.08 |
| Item number | मजुम |
| 100 ## - MAIN ENTRY--PERSONAL NAME | |
| Personal name | मजुमदार, तृप्ति बसाक |
| 9 (RLIN) | 7439 |
| 245 ## - TITLE STATEMENT | |
| Title | उपन्यासकार शिवानी के उपन्यासों का आलोचनात्मक अध्य्यन / |
| Statement of responsibility, etc | तृप्ति बसाक मजुमदार |
| 246 ## - VARYING FORM OF TITLE | |
| Title proper/short title | Upanyaskaar Shivani ke upanyason ka aalochnatmak adhyyan / |
| Remainder of title | by Tripti Basak Majumdar |
| 260 ## - PUBLICATION, DISTRIBUTION, ETC. (IMPRINT) | |
| Place of publication, distribution, etc | नई दिल्ली |
| Name of publisher, distributor, etc | सार्थक प्रकाशन |
| Date of publication, distribution, etc | 2001 |
| 270 ## - ADDRESS | |
| Address | 100ए, गौतम नगर |
| City | नई दिल्ली |
| Postal code | 110049 |
| 300 ## - PHYSICAL DESCRIPTION | |
| Extent | 160पृ. |
| Dimensions | 20सेमी(सजिल्द) |
| 650 ## - SUBJECT ADDED ENTRY--TOPICAL TERM | |
| Topical term or geographic name as entry element | हिन्दी -- साहित्य |
| 9 (RLIN) | 87286 |
| 650 ## - SUBJECT ADDED ENTRY--TOPICAL TERM | |
| Topical term or geographic name as entry element | हिन्दी -- उपन्यास का सैद्धांतिक विवेचन |
| 9 (RLIN) | 87287 |
| 650 ## - SUBJECT ADDED ENTRY--TOPICAL TERM | |
| Topical term or geographic name as entry element | Hindi literature |
| 9 (RLIN) | 87288 |
| 650 ## - SUBJECT ADDED ENTRY--TOPICAL TERM | |
| Topical term or geographic name as entry element | Hindi - the novel theoretical discussion |
| 9 (RLIN) | 87289 |
| 942 ## - ADDED ENTRY ELEMENTS (KOHA) | |
| Source of classification or shelving scheme | Dewey Decimal Classification |
| Koha item type | Hindi Books |
| Classification part | 823.08 |
| Call number suffix | मजुम |
| Withdrawn status | Lost status | Damaged status | Not for loan | Home library | Current library | Date acquired | Source of acquisition | Cost, normal purchase price | Total Checkouts | Full call number | Barcode | Date last seen | Date checked out | Copy number | Cost, replacement price | Price effective from | Koha item type |
|---|---|---|---|---|---|---|---|---|---|---|---|---|---|---|---|---|---|
| Central Library | Central Library | 19/09/2015 | Cen Lib/Ret | 150.00 | 1 | 823.08 मजुम | B-051206 | 11/02/2021 | 29/01/2021 | 1 | 150.00 | 19/09/2015 | Hindi Books |
